000 00299nam a22001097a 4500
008 170120b xxu||||| |||| 00| 0 eng d
020 _a9780763728786
041 _aeng
080 _24TH
_a618.2
245 _aUNIKER'S MANAGEMENT SKILLS FOR THE NEW HALTH CRE SUPERISOR
_cMCCONNELL, CH.R
942 _2udc
_cBK
999 _c3206
_d3206